|
|
|
|
| LEADER |
00000cam a2200000 7i4500 |
| 001 |
0000082360 |
| 005 |
20190120.0 |
| 008 |
190102 |
| 020 |
|
|
|a 9789672020127
|
| 041 |
0 |
|
|a Malay
|
| 090 |
0 |
0 |
|a 297.74
|b AZU
|
| 100 |
0 |
|
|a Azura Zamri
|
| 245 |
0 |
0 |
|a Muslimah acah
|c Azura Zamri
|
| 260 |
|
|
|b Inspirasee International Sdn. Bhd ,
|c 2017
|
| 300 |
|
|
|a 289p. ;
|c 20.8cm.
|
| 541 |
0 |
0 |
|c Purchased on 2018
|f PA/2018/11 PAZ
|h RM25.00
|
| 650 |
|
0 |
|a Da'wah (Islam)
|
| 999 |
|
|
|a 0001543664
|b Book
|c Adult Collection
|e Cawangan Bandar Tenggara
|
| 999 |
|
|
|a 0001543665
|b Book
|c Adult Collection
|e Cawangan Bukit Gambir
|
| 999 |
|
|
|a 0001543666
|b Book
|c Adult Collection
|e Cawangan Taman Sri Lambak
|
| 999 |
|
|
|a 0001543668
|b Book
|c Adult Collection
|e Cawangan Tmn. Ungku Tun Aminah
|
| 999 |
|
|
|a 0001543669
|b Book
|c Adult Collection
|e Cawangan Muar
|
| 999 |
|
|
|a 0001543670
|b Book
|c Adult Collection
|e Cawangan Kota Tinggi
|
| 999 |
|
|
|a 0001543671
|b Book
|c Adult Collection
|e Cawangan Pontian
|
| 999 |
|
|
|a 0001543672
|b Book
|c Adult Collection
|e Cawangan Segamat
|
| 999 |
|
|
|a 0001543673
|b Book
|c Adult Collection
|e Cawangan Tangkak
|
| 999 |
|
|
|a 0001543674
|b Book
|c Adult Collection
|e Cawangan Sri Merlong
|
| 999 |
|
|
|a 0001543675
|b Book
|c Adult Collection
|e Cawangan Mersing
|
| 999 |
|
|
|a 0001543676
|b Book
|c Adult Collection
|e Cawangan Bandar Penawar
|
| 999 |
|
|
|a 0001544543
|b Book
|c Adult Collection
|e Perbadanan Perpustakaan Awam Johor
|
| 999 |
|
|
|a 0001544544
|b Book
|c Adult Collection
|e Perbadanan Perpustakaan Awam Johor
|
| 999 |
|
|
|a 0001544545
|b Book
|c Adult Collection
|e Cawangan Urban Transformation Centre
|
| 999 |
|
|
|a 0001544546
|b Book
|c Adult Collection
|e Cawangan AEON Kulaijaya
|